000 00518nam a22001697a 4500
005 20251108172002.0
008 250721s1984 xx 000 0 ara d
082 1 4 _a811.1/جور
100 1 _aغريب، جورج
245 1 0 _aشاعرات العرب في الجاهلية /
264 1 _aبيروت :
_bدار الثقافة،
_c1984.
300 _a280ص
490 0 _aسلسلة الموسوعة في الأدب العربي ؛ 39
650 1 7 _aالشعر الجاهلي
942 _2ddc
_cBK
999 _c67589
_d67589